000
00308nam a2200145Ia 4500
003
OSt
005
20231116065104.0
008
170524s9999 xx 000 0 und d
020
_a
0-7548-0403-8
040
_c
IIMT
100
_a
Ingram
245
0
_a
Rice& Risotto
260
_b
Loreng books
942
_2
ddc
_c
02
999
_c
7181
_d
7181